Наши монастыри (Запись № 908639)

Подробности
000 -МАРКЕР
контрольное поле 02665nam0a2200481 4500
001 - ИДЕНТИФИКАТОР ЗАПИСИ
контрольное поле RU\NLR\bibl\1356794
005 - ИДЕНТИФИКАТОР ВЕРСИИ
контрольное поле 20260406162711.0
010 ## - МЕЖДУНАРОДНЫЙ СТАНДАРТНЫЙ НОМЕР КНИГИ (ISBN)
Номер (ISBN) 978-5-91055-030-2
Тираж 1000
021 ## - НОМЕР ГОСУДАРСТВЕННОЙ РЕГИСТРАЦИИ
Код страны российская федерация
Номер 2009-21923
Номер Листа государственной регистраци 1297
035 ## - ДРУГИЕ СИСТЕМНЫЕ НОМЕРА
Идентификатор записи (nilc)RSL-KNO-004268263
035 ## - ДРУГИЕ СИСТЕМНЫЕ НОМЕРА
Идентификатор записи RU/Архангельская ОНБ/DOLIB/111735
035 ## - ДРУГИЕ СИСТЕМНЫЕ НОМЕРА
Идентификатор записи EL/0000299858
035 ## - ДРУГИЕ СИСТЕМНЫЕ НОМЕРА
Идентификатор записи (NLR Aleph) 001348988
100 ## - ДАННЫЕ ОБЩЕЙ ОБРАБОТКИ
Данные общей обработки 20090318d2009 |||y0rusy50 ca
101 0# - ЯЗЫК РЕСУРСА
Язык текста, звукозаписи и т.д. русский
102 ## - СТРАНА ПУБЛИКАЦИИ ИЛИ ПРОИЗВОДСТВА
Страна публикации российская федерация
105 ## - ПОЛЕ КОДИРОВАННЫХ ДАННЫХ: ТЕКСТОВЫЕ МАТЕРИАЛЫ, МОНОГРАФИЧЕСКИЕ
Кодированные данные о монографическом текстовом документе a |||||||||
200 1# - ЗАГЛАВИЕ И СВЕДЕНИЯ ОБ ОТВЕТСТВЕННОСТИ
Основное заглавие Наши монастыри
Сведения, относящиеся к заглавию [очерки и рассказы]
Первые сведения об ответственности В. И. Немирович-Данченко
205 ## - СВЕДЕНИЯ ОБ ИЗДАНИИ
Сведения об издании Перепеч. с изд. 1904 г. и доп.
210 ## - ПУБЛИКАЦИЯ, РАСПРОСТРАНЕНИЕ И ДР.
Место издания, распространения и т.д. Санкт-Петербург
Имя издателя, распространителя и т. д. Русская симфония
Дата издания, распространения и т.д. 2009
215 ## - ФИЗИЧЕСКАЯ ХАРАКТЕРИСТИКА
Специфическое обозначение материала и объем 554, [1] с.
Размеры 22
225 1# - СЕРИЯ
Основное заглавие серии Русская симфония
300 ## - ОБЩИЕ ПРИМЕЧАНИЯ
Текст примечания На 4-й с. обл. авт.: В. И. Немирович-Данченко - рус. писатель.
327 1# - ПРИМЕЧАНИЯ О СОДЕРЖАНИИ
Текст примечания Содерж.: Соловецкое Подворье; Женская обитель; Святые горы; Валаам
330 ## - РЕЗЮМЕ ИЛИ РЕФЕРАТ
Текст примечания Очерки и рассказы о посещении писателем четырех русских святых обителей - Соловецкого, Валаамского, Святогорского мужских монастырей и Елецкого женского монастыря.
455 #1 - ОРИГИНАЛ, С КОТОРОГО СДЕЛАНА КОПИЯ
Встроенное поле 210##$aСпб.$cИзд. П. П. Сойкина$d1904
606 1# - НАИМЕНОВАНИЕ ТЕМЫ КАК ПРЕДМЕТ
Наименование темы Монашество
Географический подзаголовок Россия
Хронологический подзаголовок 19 - 20 вв.
Системный номер авторитетной/нормативной записи 2165004
Идентификатор авторитетной/нормативной записи RU\NLR\auth\661302731
610 2# - НЕКОНТРОЛИРУЕМЫЕ ПРЕДМЕТНЫЕ ТЕРМИНЫ
Предметный термин Религия -- Христианство -- Православие -- Русская православная церковь -- Старообрядчество -- Организация церкви -- Монашество. Монашеские объединения -- Монастыри -- Сборник одного автора
610 1# - НЕКОНТРОЛИРУЕМЫЕ ПРЕДМЕТНЫЕ ТЕРМИНЫ
Предметный термин Художественная проза русская
-- за рубежом
-- 20 в.
-- Сборники
686 ## - ИНДЕКСЫ ДРУГИХ КЛАССИФИКАЦИЙ
Индекс Э372.242-647.2я44
Код системы
686 ## - ИНДЕКСЫ ДРУГИХ КЛАССИФИКАЦИЙ
Индекс 17.82.30
Код системы
686 ## - ИНДЕКСЫ ДРУГИХ КЛАССИФИКАЦИЙ
Индекс 84(2Рос=Рус)6-4я44
Издание LBC/PL
Код системы
686 ## - ИНДЕКСЫ ДРУГИХ КЛАССИФИКАЦИЙ
Индекс Э372.24-64
700 #1 - ИМЯ ЛИЦА - ПЕРВИЧНАЯ ОТВЕТСТВЕННОСТЬ
Код отношения Автор
Материалы, к которым относится поле rus
Графика поля Кириллица
Начальный элемент ввода Немирович-Данченко
Часть имени, кроме начального элемента ввода В. И.
Даты 1848-1936
Расширение инициалов личного имени Василий Иванович
Идентификатор авторитетной/нормативной записи RU\NLR\auth\779629
Системный номер авторитетной/нормативной записи 119446
801 #0 - ИСТОЧНИК ЗАПИСИ
Страна российская федерация
Организация РГБ
Дата составления 20090318
Правила каталогизации rcr
801 #1 - ИСТОЧНИК ЗАПИСИ
Страна российская федерация
Организация РГБ
Дата составления 20090318
801 #2 - ИСТОЧНИК ЗАПИСИ
Страна российская федерация
Организация Архангельская ОНБ
Дата составления 20091023
Правила каталогизации PSBO
801 #2 - ИСТОЧНИК ЗАПИСИ
Страна российская федерация
Организация NLR
Дата составления 20090414
Правила каталогизации rcr
942 ## - ДОПОЛНИТЕЛЬНЫЕ ЭЛЕМЕНТЫ ЗАПИСИ (АБИС)
Тип экземпляра АБИС Книга
980 ## - КОЛЛЕКЦИЯ
Название коллекции Национальная библиография
Экземпляры
Тип экземпляра Дата поступления Источник поступления Стоимость Библиотека постоянного хранения Библиотека текущего хранения Место хранения Шифр хранения Штрих-код Статус не для выдачи
Книга 14.04.2009 Покупка 445.00 РНБ (Московский) РНБ (Московский) Русский книжный фонд: издания с 1957 года, 9этаж 2009-5/3544 1-438841  
Книга 15.05.2009 Обязательный экземпляр   РНБ (Московский) РНБ (Московский) Русский книжный фонд: издания с 1957 года, 9этаж 2009-5/3544 1-757912  
Книга 14.04.2009 Покупка 445.00 РНБ (Садовая) РНБ (Садовая) Универсальный читальный зал У Ш6(2=Р)/Н-503 1-217214  
Книга 15.05.2009 Обязательный экземпляр   РНБ (Садовая) РНБ (Садовая) Фонд международного книгообмена   2920950  
Книга 29.01.2016 Покупка 445.00 РНБ (Садовая) РНБ (Садовая) Фонд международного книгообмена   1-1140683  
Книга 03.02.2016 Покупка 445.00 РНБ (Садовая) РНБ (Садовая) Фонд международного книгообмена   1-1140919